| 000 | 01451nam a2200433 i 4500 | ||
|---|---|---|---|
| 001 | 22335 | ||
| 003 | KOSZ 005 | ||
| 005 | 20240410062909.0 | ||
| 008 | 190812s1983 pl g 000 0 pol | ||
| 015 | _aPB 1983/7638 | ||
| 020 | _a8307009901 | ||
| 035 | _a991009322929705066 | ||
| 035 | _a(PL-WaBN)b12526721-48omnis_nlop | ||
| 035 | _ab12526721 | ||
| 035 | _a(OCoLC)830217976 | ||
| 035 | _a(PL)b0000001252672 | ||
| 035 | _a(EXLNZ-48OMNIS_NETWORK)9910019873805606 | ||
| 040 |
_aWA N _cWA N _dKOSZ 005/RW |
||
| 046 | _k1949 | ||
| 080 | _a165+111 | ||
| 100 | 1 |
_aAjdukiewicz, Kazimierz _d(1890-1963) _eAutor |
|
| 245 | 1 | 0 |
_aZagadnienia i kierunki filozofii : _bteoria poznania, metafizyka / _cKazimierz Ajdukiewicz ; słowo wstępne Klemens Szaniawski. |
| 250 | _aWydanie 2. | ||
| 260 |
_aWarszawa : _b"Czytelnik", _c1983. |
||
| 300 |
_a195, [5] stron ; _c20 cm. |
||
| 336 |
_aTekst _btxt _2rdacontent |
||
| 337 |
_aBez urządzenia pośredniczącego _bn _2rdamedia |
||
| 338 |
_aWolumin _bnc _2rdacarrier |
||
| 380 | _aKsiążki | ||
| 388 | _a1901-2000 | ||
| 650 | 7 |
_aMetafizyka _2DBN |
|
| 658 | _aFilozofia i etyka | ||
| 650 | 7 |
_aTeoria poznania _2DBN |
|
| 700 | 1 |
_aSzaniawski, Klemens _d(1925-1990). _ePrzedmowa |
|
| 710 | 2 |
_aCzytelnik _4pbl |
|
| 856 |
_uhttp://koha.tu.koszalin.pl/cgi-bin/koha/opac-detail.pl?biblionumber=22335 _yKatalog online BPK |
||
| 942 |
_2UKD _cKS |
||
| 999 |
_c22335 _d22335 |
||